skbl

Dr Suryya Kumar Bhuyan Library Web-OPAC
ডঃ সূৰ্য্য
কুমাৰ ভূঞা পুথিভঁৰাল ৱেব-অ'পেক

All Research Scholars are advised to clear the annual library fees to continue using Library Resources, Remote Access, Plagiarism Test and Library Clearance.

Cotton University Book Fair 2026

Analytical Geometry of Theree Dimensions / (Record no. 15546)

MARC details
000 -LEADER
fixed length control field 00716nam a2200265Ia 4500
001 - CONTROL NUMBER
control field 15560
005 - DATE AND TIME OF LATEST TRANSACTION
control field 20240113235632.0
007 - PHYSICAL DESCRIPTION FIXED FIELD--GENERAL INFORMATION
fixed length control field ta
008 - FIXED-LENGTH DATA ELEMENTS--GENERAL INFORMATION
fixed length control field 051209s1934 a g b000 u 465 u
040 ## - CATALOGING SOURCE
Original cataloging agency Cotton College,Assam
041 ## - LANGUAGE CODE
Language code of text/sound track or separate title 465
082 ## - DEWEY DECIMAL CLASSIFICATION NUMBER
Classification number 516
Item number So 55 An
100 ## - MAIN ENTRY--PERSONAL NAME
Personal name Sommerville, D.M.Y. .
245 #0 - TITLE STATEMENT
Title Analytical Geometry of Theree Dimensions /
Statement of responsibility, etc. D.M.Y.Sommerville.
Medium Textual Documents
250 ## - EDITION STATEMENT
Edition statement 1st ed. /
260 ## - PUBLICATION, DISTRIBUTION, ETC.
Place of publication, distribution, etc. Cambridge :
Name of publisher, distributor, etc. At The University Press ,
Date of publication, distribution, etc. 1934.
300 ## - PHYSICAL DESCRIPTION
Extent xv,416p. :
Other physical details ill ;
Dimensions 23cm .
504 ## - BIBLIOGRAPHY, ETC. NOTE
Bibliography, etc. note Index
653 ## - INDEX TERM--UNCONTROLLED
Uncontrolled term Analytical Geometry
653 ## - INDEX TERM--UNCONTROLLED
Uncontrolled term G-Mathematics
942 ## - ADDED ENTRY ELEMENTS (KOHA)
Source of classification or shelving scheme Dewey Decimal Classification
Koha item type Books
Holdings
Withdrawn status Lost status Damaged status Not for loan Collection Home library Current library Date acquired Coded location qualifier Total checkouts Full call number Barcode Date last seen Copy number Price effective from Koha item type
          Dr. Suryya Kumar Bhuyan Library Dr. Suryya Kumar Bhuyan Library 01/02/2012 00000   516 So 55 An 52329 13/01/2024 1 01/02/2012 Books
          Dr. Suryya Kumar Bhuyan Library Dr. Suryya Kumar Bhuyan Library 01/02/2012 00000   516 So 55 An 37308 13/01/2024 2 01/02/2012 Books

Designed and Maintained by Team SKBL
©1901-2026

Powered by Koha